Seminar on Co-operative Farming. (Record no. 84360)

MARC details
000 -LEADER
fixed length control field 00969cam a22002771 4500
001 - CONTROL NUMBER
control field sa 68012180
003 - CONTROL NUMBER IDENTIFIER
control field DLC
005 - DATE AND TIME OF LATEST TRANSACTION
control field 20260227112607.0
008 - FIXED-LENGTH DATA ELEMENTS--GENERAL INFORMATION
fixed length control field 711115s1959 ii 100 0 eng
010 ## - LIBRARY OF CONGRESS CONTROL NUMBER
LC control number sa 68012180
025 ## - OVERSEAS ACQUISITION NUMBER
Overseas acquisition number PL480:I-E-7776
040 ## - CATALOGING SOURCE
Original cataloging agency DLC
Transcribing agency DLC
Modifying agency DLC
043 ## - GEOGRAPHIC AREA CODE
Geographic area code a-ii---
050 00 - LIBRARY OF CONGRESS CALL NUMBER
Classification number HD1491.I39
Item number S38 1958
111 2# - MAIN ENTRY--MEETING NAME
Meeting name or jurisdiction name as entry element Seminar on Co-operative Farming,
Location of meeting Poona,
Date of meeting or treaty signing 1958.
245 00 - TITLE STATEMENT
Title Seminar on Co-operative Farming.
260 ## - PUBLICATION, DISTRIBUTION, ETC.
Place of publication, distribution, etc. Bombay,
Name of publisher, distributor, etc. Indian Society of Agricultural Economics
Date of publication, distribution, etc. [1959]
300 ## - PHYSICAL DESCRIPTION
Extent xiii, 132 p.
Dimensions 25 cm.
350 ## - PRICE (NR) (BK AM CF MU VM SE) [OBSOLETE]
Price Rs6
490 1# - SERIES STATEMENT
Series statement Indian Society of Agricultural Economics. Seminar series,
Volume/sequential designation 2
500 ## - GENERAL NOTE
General note Organized by the Indian Society of Agricultural Economics.
650 #0 - SUBJECT ADDED ENTRY--TOPICAL TERM
Topical term or geographic name entry element Agriculture, Cooperative
Geographic subdivision India
General subdivision Congresses.
650 #0 - SUBJECT ADDED ENTRY--TOPICAL TERM
Topical term or geographic name entry element Farm management
General subdivision Congresses.
710 2# - ADDED ENTRY--CORPORATE NAME
Corporate name or jurisdiction name as entry element Indian Society of Agricultural Economics.
830 #0 - SERIES ADDED ENTRY--UNIFORM TITLE
Uniform title Seminar series (Indian Society of Agricultural Economics) ;
Volume/sequential designation 2.

No items available.

Powered by Koha